| 000 | 00603nam a22002057a 4500 | ||
|---|---|---|---|
| 999 |
_c8131 _d8131 |
||
| 001 | 21664 | ||
| 003 | BD-DhUAP | ||
| 005 | 20220627140857.0 | ||
| 008 | 220627b20192019Bg |||| |||| 001 0ceng d | ||
| 020 | _a9848272798 | ||
| 040 |
_aBD-DhUAP _bENG _cBD-DhUAP _dBD-DhUAP _eBD-DhUAP |
||
| 082 |
_222 _a342.5492 MAT |
||
| 100 | _aMatin, Justice M A. | ||
| 245 |
_aUnwritten Constitution of Bangladesh / _c Justice M A Matin. |
||
| 260 |
_a Dhaka : _bMullick Brothers, _c2019 . |
||
| 300 |
_a 176 p. ; _c22 cm. |
||
| 504 | _aEncloud Index and Bibliography. | ||
| 650 |
_aLaw _zBangladesh . |
||
| 942 |
_2ddc _cBK |
||